Least populated Us states - Statistics

General Stats
  • This quiz has been taken 95 times
  • The average score is 13 of 15
Answers on the Map
Answers color-coded by a green-red scale on the quiz's map according to % correct below.
 
Answer Stats
Answer % Correct
North Dakota
97%
Alaska
95%
Montana
95%
South Dakota
95%
Rhode Island
94%
Maine
92%
New Hampshire
92%
Vermont
92%
Idaho
90%
Wyoming
90%
Delaware
86%
Hawaii
84%
Nebraska
81%
West Virginia
78%
New Mexico
75%
No matching quizzes found
Score Distribution
Percent of People with Each Score
Percentile by Number Answered
Your Score History
You have not taken this quiz